FOUDATION OF FLUID MECH (Record no. 661461)

MARC details
000 -LEADER
fixed length control field 00359pam a2200157a 44500
008 - FIXED-LENGTH DATA ELEMENTS--GENERAL INFORMATION
fixed length control field 230515b1967 xxu||||| |||| 00| 0 eng d
020 ## - INTERNATIONAL STANDARD BOOK NUMBER
International Standard Book Number NULL
041 ## - LANGUAGE CODE
Language code of text/sound track or separate title ENGLISH
082 ## - DEWEY DECIMAL CLASSIFICATION NUMBER
Classification number NULL
100 ## - MAIN ENTRY--PERSONAL NAME
Personal name YUAN S W
245 ## - TITLE STATEMENT
Title FOUDATION OF FLUID MECH
250 ## - EDITION STATEMENT
Edition statement 1967
260 ## - PUBLICATION, DISTRIBUTION, ETC.
Place of publication, distribution, etc. DELHI
Name of publisher, distributor, etc. PHI LEARNING PVT. LTD
Date of publication, distribution, etc. 1967
300 ## - PHYSICAL DESCRIPTION
Extent XXII/608
650 ## - SUBJECT ADDED ENTRY--TOPICAL TERM
Topical term or geographic name entry element NULL
Holdings
Withdrawn status Lost status Damaged status Not for loan Home library Current library Shelving location Date acquired Source of acquisition Cost, normal purchase price Total Checkouts Full call number Barcode Date last seen Price effective from Koha item type
        College of Engineering, Pune College of Engineering, Pune   02/10/2013 NULL 19.50   NULL ECP-D-883 28/06/2023 28/06/2023 Book